000 003240000a22001090004500
090 _aAS
_bSeriadas
245 1 0 _aTigres de seis patas
_secología, factores históricos y escarabajos tigre
041 0 _aEspañol
100 1 _aFernández, Fernando
_91456
942 _cARTICULO
773 1 _tInnovación y Ciencia
_h2
_q48-55
_d1995
_g4
999 _c15912
_d15912